000 00642nam a22002537a 4500
003 UA-OsUOA
001 21240
007 ta
008 20031124b un ||||| |||| 00| 0 ukr d
100 _aМежжерин В. А.
090 _a28.08
_bМ43
942 _cBK
040 _aUA-OsUOA
_brus
_cUA-OsUOA
_dUA-OsUOA
245 _aРассказы об экономии природы
300 _a174 с.
955 _a0
041 _arus
080 _a28.08
020 _a5-11-000100-6
260 _aКиев
_bВыща школа Головное издательство
_c1988
044 _aUA
650 7 _2UDC
999 _c307433
_d307433